Largest Churches in the United States Quiz Stats

 Plays Quiz not verified by Sporcle

Challenge
Share
Tweet
Embed
Score 0/10 Timer 05:00
0 Plays Today
City, State Churches % Correct
Houston, Texas Lakewood Church
65.2%
Lake Forest, CaliforniaSaddleback Church
47.8%
South Barrington, IllinoisWillow Creek Community Church
34.8%
Alpharetta, Georgia North Point Community Chruch
30.4%
Houston, TexasSecond Baptist Church
26.1%
Woodlands, TexasWoodlands Church
21.7%
Louisville, KentuckySoutheast Christian Church
17.4%
Phoenix, ArizonaPhoenix First Assembly of God
8.7%
Henderson, NevadaCentral Christian Church
8.7%
Fort Lauderdale, FloridaCalvary Chapel Fort Lauderdale
8.7%

You're not logged in!

Compare scores with friends on all Sporcle quizzes.
OR
Log In

You Might Also Like...

Show Comments

Extras

Top Quizzes Today


Score Distribution

Your Account Isn't Verified!

In order to create a playlist on Sporcle, you need to verify the email address you used during registration. Go to your Sporcle Settings to finish the process.

Report this User

Report this user for behavior that violates our Community Guidelines.

Details: